000 00628nam a2200205 4500
003 OSt
005 20240725061658.0
006 a
008 240725b |||||||| |||| 00| 0 eng d
020 _a9781412919753
040 _aDWCL-Main lib.
_cOC
082 _aCirc. 363.70526 M682i 2010
100 _aMitchell, Ronald B.
245 _aInternational politics and the environment /
260 _aLos Angeles:
_bSage,
_cc2010.
300 _axiii,
_b234 p. ;
_c24 cm.
504 _aIncludes bibliographical references & index.
650 _a1. Environmental policy-International cooperation.
942 _2ddc
_n0
_cBK-CIRC
_kCirc.
999 _c2732
_d2732